000 00195 a2200097 4500
020 _a9780395630600
041 _aspa
100 _arichard Jardine leon
245 _aEl Taxi de mi mama
942 _cK
999 _c30784
_d30782